[Event "Niedersachsen-ch open"]
[Site "Verden"]
[Date "2010.01.05"]
[Round "6.65"]
[White "Boehning, Kilian"]
[Black "Sablotny, Juergen"]
[Result "1-0"]
[WhiteElo "1247"]
[BlackElo "1833"]
[PlyCount "71"]
[EventDate "2010.01.03"]
[EventType "swiss"]
[EventRounds "7"]
[EventCountry "GER"]
[SourceTitle "EXT 2012"]
[Source "ChessBase"]
[SourceDate "2011.11.24"]
[SourceVersion "1"]
[SourceVersionDate "2011.11.24"]
[SourceQuality "1"]

1. Nf3 e6 2. c4 c6 3. Nc3 d5 4. e3 Nf6 5. d4 Bb4 6. Bd2 Bxc3 7. Bxc3 0-0 8. Qc2 Ne4 9. Bd3 f5 10. Bb4 Re8 11. Bxe4 fxe4 12. Ne5 Nd7 13. Bd6 Nxe5 14. dxe5 Qg5 15. 0-0 Rd8 16. Qe2 Rd7 17. f4 Qf5 18. c5 h5 19. h3 g6 20. g4 hxg4 21. Qxg4 Rh7 22. Qxf5 exf5 23. Kh2 Kf7 24. b4 a5 25. Rfb1 axb4 26. Rxb4 Ra3 27. Rb3 Ra4 28. Rc3 d4 29. exd4 Rxd4 30. Re3 Be6 31. Rb1 Bc8 32. Rb2 Ra4 33. a3 Ke6 34. Rg3 Kf7 35. Rb4 Rxb4 36. axb4 1-0

[Event "Niedersachsen-ch Seniors 41st"]
[Site "Sottrum"]
[Date "2007.03.27"]
[Round "6"]
[White "Zotin, Vladimir"]
[Black "Sablotny, Juergen"]
[Result "1-0"]
[WhiteElo "1725"]
[BlackElo "1652"]
[PlyCount "67"]
[EventDate "2007.03.22"]
[EventType "swiss"]
[EventRounds "9"]
[EventCountry "GER"]
[SourceTitle "EXT 2022"]
[Source "ChessBase"]
[SourceDate "2021.10.06"]
[SourceVersion "1"]
[SourceVersionDate "2021.10.06"]
[SourceQuality "1"]

1. b3 e6 2. Bb2 d5 3. e3 Nf6 4. Nf3 Nbd7 5. Ne5 c6 6. f4 Ne4 7. Qf3 Qc7 8. Be2 Qa5 9. a3 Ndf6 10. b4 Qd8 11. d3 Nd6 12. 0-0 Be7 13. Nd2 h5 14. Rad1 Bd7 15. Kh1 Qc7 16. e4 0-0-0 17. c4 Rdf8 18. Nxd7 Nxd7 19. Bxg7 Rfg8 20. Bxh8 Rxh8 21. cxd5 exd5 22. exd5 c5 23. bxc5 Nxc5 24. d4 Nf5 25. dxc5 Bxc5 26. Nb3 Kb8 27. Rc1 b6 28. Nxc5 bxc5 29. Rb1+ Kc8 30. d6 Qxd6 31. Qa8+ Kd7 32. Qxh8 Qd5 33. Bf3 Qd6 34. Rfe1 1-0

[Event "Niedersachsen-ch Seniors 41st"]
[Site "Sottrum"]
[Date "2007.03.24"]
[Round "3"]
[White "Sablotny, Juergen"]
[Black "Buck, Klaus Michael"]
[Result "1/2-1/2"]
[WhiteElo "1652"]
[BlackElo "1610"]
[PlyCount "33"]
[EventDate "2007.03.22"]
[EventType "swiss"]
[EventRounds "9"]
[EventCountry "GER"]
[SourceTitle "EXT 2022"]
[Source "ChessBase"]
[SourceDate "2021.10.06"]
[SourceVersion "1"]
[SourceVersionDate "2021.10.06"]
[SourceQuality "1"]

1. e4 e6 2. d4 d5 3. e5 c5 4. c3 Nc6 5. Nf3 cxd4 6. cxd4 Bb4+ 7. Nc3 Qb6 8. a3 Bxc3+ 9. bxc3 Bd7 10. Bd3 Rc8 11. Rb1 Qc7 12. Bb2 Na5 13. Nd2 b5 14. Qc1 Ne7 15. 0-0 g6 16. Ba1 Nc4 17. Nb3 1/2-1/2